[Event "Wch U18 Girls"]
[Site "Al Ain"]
[Date "2013.12.23"]
[Round "8"]
[White "Lepeskaite, Migle"]
[Black "Roy, Ali"]
[Result "0-1"]
[WhiteElo "1810"]
[BlackElo "1891"]
[PlyCount "114"]
[EventDate "2013.12.18"]
[EventType "swiss"]
[EventRounds "11"]
[EventCountry "UAE"]
[SourceTitle "CBM 158 Extra"]
[Source "ChessBase"]
[SourceDate "2014.02.28"]
[SourceVersion "1"]
[SourceVersionDate "2014.02.28"]
[SourceQuality "1"]

1. d4 Nf6 2. c4 g6 3. Nc3 d5 4. Bf4 Bg7 5. Nf3 c6 6. e3 0-0 7. h3 Nbd7 8. Bd3 dxc4 9. Bxc4 c5 10. dxc5 Qa5 11. 0-0 Nxc5 12. Qe2 Be6 13. Bxe6 Nxe6 14. Be5 Ng5 15. Bg3 Nfe4 16. Nxe4 Nxe4 17. Bh2 Rfd8 18. b4 Qa3 19. Rab1 Nc3 20. Qb2 Nxb1 21. Qxb1 Bc3 22. b5 Rd5 23. b6 Qb4 24. Qxb4 Bxb4 25. Rb1 axb6 26. Bc7 Bc5 27. Bxb6 Bxb6 28. Rxb6 Rd7 29. Rb2 f6 30. Kf1 Kf7 31. Ke2 e5 32. Nd2 Ra4 33. f3 f5 34. g3 b5 35. Nb3 Rc7 36. Nd2 Rd7 37. Nb3 Rda7 38. Nc1 b4 39. Rc2 Ra3 40. Rb2 R3a4 41. Rc2 Ke6 42. Kd2 e4 43. fxe4 fxe4 44. Rc4 Kd5 45. Rd4+ Ke5 46. Rc4 Rd7+ 47. Ke2 h5 48. Rc6 Rd6 49. Rc5+ Rd5 50. Rc6 Kf5 51. Ke1 Ra3 52. Ke2 Rc3 53. Rxc3 bxc3 54. a4 c2 55. a5 Rd1 56. a6 Rxc1 57. a7 Ra1 0-1

[Event "Wch U18 Girls"]
[Site "Al Ain"]
[Date "2013.12.23"]
[Round "10"]
[White "Yousfi, Yasmine"]
[Black "Lepeskaite, Migle"]
[Result "0-1"]
[WhiteElo "1649"]
[BlackElo "1810"]
[PlyCount "58"]
[EventDate "2013.12.18"]
[EventType "swiss"]
[EventRounds "11"]
[EventCountry "UAE"]
[SourceTitle "CBM 158 Extra"]
[Source "ChessBase"]
[SourceDate "2014.02.28"]
[SourceVersion "1"]
[SourceVersionDate "2014.02.28"]
[SourceQuality "1"]

1. c4 e6 2. Nc3 d5 3. cxd5 exd5 4. g3 Nf6 5. Bg2 c6 6. d3 Bb4 7. a3 Ba5 8. b4 Bc7 9. Nf3 0-0 10. 0-0 Nbd7 11. Bb2 Re8 12. Rc1 Ne5 13. Nxe5 Bxe5 14. d4 Bd6 15. Na4 a5 16. Bc3 axb4 17. Bxb4 Bxb4 18. axb4 Qe7 19. Nb6 Ra2 20. b5 Rxe2 21. bxc6 bxc6 22. Rxc6 Bg4 23. Nxd5 Nxd5 24. Bxd5 Rxf2 25. Qxg4 Rxf1+ 26. Kxf1 Qe1+ 27. Kg2 Re2+ 28. Qxe2 Qxe2+ 29. Kh3 Qh5+ 0-1

[Event "Wch U18 Girls"]
[Site "Al Ain"]
[Date "2013.12.22"]
[Round "6"]
[White "Lepeskaite, Migle"]
[Black "Utiatskaja, Irina"]
[Result "0-1"]
[WhiteElo "1810"]
[BlackElo "2069"]
[PlyCount "52"]
[EventDate "2013.12.18"]
[EventType "swiss"]
[EventRounds "11"]
[EventCountry "UAE"]
[SourceTitle "CBM 158 Extra"]
[Source "ChessBase"]
[SourceDate "2014.02.28"]
[SourceVersion "1"]
[SourceVersionDate "2014.02.28"]
[SourceQuality "1"]

1. d4 Nf6 2. c4 c5 3. d5 b5 4. cxb5 a6 5. Nc3 axb5 6. Nxb5 Ba6 7. e3 Bxb5 8. Bxb5 Qa5+ 9. Bd2 Qxb5 10. Bc3 d6 11. f3 g6 12. Ne2 Bg7 13. e4 0-0 14. 0-0 Nfd7 15. Qc2 Na6 16. a3 Rfb8 17. Rfb1 Bxc3 18. Nxc3 Qb3 19. Qe2 Nc7 20. a4 Nb6 21. Ra3 Qb4 22. Qc2 Qd4+ 23. Kh1 Nc4 24. Raa1 Qd2 25. Qc1 Qxc1+ 26. Rxc1 Nxb2 0-1

[Event "LTU-chT (Women)"]
[Site "Lithuania"]
[Date "2013.03.11"]
[Round "7.1"]
[White "Lepeskaite, Migle"]
[Black "Vanagaite, Giedre"]
[Result "0-1"]
[WhiteElo "1802"]
[BlackElo "1993"]
[PlyCount "102"]
[EventDate "2013.01.19"]
[EventType "team-tourn"]
[EventRounds "7"]
[EventCountry "LTU"]
[SourceTitle "EXT 2024"]
[Source "ChessBase"]
[SourceDate "2023.10.10"]
[SourceVersion "1"]
[SourceVersionDate "2023.10.10"]
[SourceQuality "1"]

1. d4 d5 2. c4 dxc4 3. Nf3 Nf6 4. a4 Bf5 5. e3 e6 6. Bxc4 c5 7. 0-0 Nc6 8. Nc3 Be7 9. dxc5 Bxc5 10. Qe2 0-0 11. e4 Bg4 12. Be3 Qe7 13. h3 Bh5 14. g4 Bxe3 15. Qxe3 Bg6 16. e5 Nd7 17. Nb5 Rfd8 18. Rfd1 Qb4 19. b3 Nb6 20. Nd6 Nxc4 21. Nxc4 Bc2 22. Rxd8+ Rxd8 23. Nd6 Qxb3 24. Qxb3 Bxb3 25. Nxb7 Rd3 26. Rc1 Rd1+ 27. Rxd1 Bxd1 28. Kg2 Bxa4 29. Nc5 Bd1 30. Nd7 a5 31. Nd2 a4 32. Nc4 Bb3 33. Na3 Nd4 34. Nc5 Nc2 35. Nxb3 axb3 36. Nc4 Ne1+ 37. Kf1 Nd3 38. Nd2 b2 39. Ke2 Nxe5 40. f4 Ng6 41. Ke3 e5 42. fxe5 Nxe5 43. Nb1 Kf8 44. Kd2 Nf3+ 45. Kc2 Ng1 46. Kxb2 Nxh3 47. Nd2 Nf2 48. g5 Ke7 49. Nf3 Ke6 50. Kc3 Ne4+ 51. Kd4 Kf5 0-1

[Event "Wch U18 Girls"]
[Site "Al Ain"]
[Date "2013.??.??"]
[Round "2"]
[White "Lepeskaite, Migle"]
[Black "Alymbay, Kyzy Aizhan"]
[Result "0-1"]
[WhiteElo "1810"]
[BlackElo "1814"]
[PlyCount "54"]
[EventDate "2013.12.18"]
[EventType "swiss"]
[EventRounds "11"]
[EventCountry "UAE"]
[SourceTitle "CBM 158 Extra"]
[Source "ChessBase"]
[SourceDate "2014.02.28"]
[SourceVersion "1"]
[SourceVersionDate "2014.02.28"]
[SourceQuality "1"]

1. d4 d5 2. c4 e6 3. Nc3 Nf6 4. cxd5 exd5 5. Bg5 c6 6. e3 Nbd7 7. Qc2 Be7 8. Bd3 0-0 9. Nf3 Re8 10. h3 Nf8 11. 0-0-0 a5 12. Kb1 Be6 13. g4 b5 14. Ne5 Rc8 15. f4 N6d7 16. Bxe7 Qxe7 17. Nxc6 Rxc6 18. Bxb5 Nb8 19. Bxc6 Nxc6 20. f5 Nb4 21. Qa4 Bd7 22. Qxa5 Rb8 23. Nxd5 Qe4+ 24. Ka1 Nc2+ 25. Kb1 Na3+ 26. Ka1 Qb1+ 27. Rxb1 Nc2# 0-1

[Event "Wch U18 Girls"]
[Site "Maribor"]
[Date "2012.11.12"]
[Round "6.31"]
[White "Bengtsson, Jessica"]
[Black "Lepeskaite, Migle"]
[Result "1/2-1/2"]
[WhiteElo "1908"]
[BlackElo "1803"]
[PlyCount "83"]
[EventDate "2012.11.08"]
[EventType "swiss"]
[EventRounds "11"]
[EventCountry "SLO"]
[SourceTitle "EXT 2013"]
[Source "ChessBase"]
[SourceDate "2012.11.22"]
[SourceVersion "1"]
[SourceVersionDate "2012.11.22"]
[SourceQuality "1"]

1. e4 c6 2. d4 d5 3. Nc3 dxe4 4. Nxe4 Nd7 5. Bc4 Ngf6 6. Ng5 e6 7. Qe2 Nb6 8. Bd3 Qxd4 9. N1f3 Qd5 10. 0-0 h6 11. c4 Qa5 12. Nxf7 Kxf7 13. Ne5+ Ke8 14. Bg6+ Ke7 15. Bd2 Qa4 16. Bc2 Qa6 17. Ng6+ Ke8 18. Nxh8 Qxc4 19. Bd3 Qa4 20. Rfe1 Bd6 21. Bg6+ Kf8 22. Nf7 Bc7 23. Ne5 Nbd5 24. Bd3 Kg8 25. b3 Qh4 26. Nf3 Qh5 27. Ne5 Qh4 28. g3 Qh3 29. Qf1 Qxf1+ 30. Bxf1 g5 31. Bh3 Bd6 32. Re2 Bxe5 33. Rxe5 g4 34. Bg2 h5 35. Rae1 Bd7 36. Be4 Kf7 37. Bxd5 cxd5 38. Bb4 Rc8 39. R5e2 Ne4 40. a4 Kg6 41. Bd2 Rf8 42. Rxe4 1/2-1/2

[Event "Wch U18 Girls"]
[Site "Maribor"]
[Date "2012.11.10"]
[Round "3.33"]
[White "Lepeskaite, Migle"]
[Black "Pereira, Susana Martins"]
[Result "1-0"]
[WhiteElo "1803"]
[BlackElo "1571"]
[PlyCount "109"]
[EventDate "2012.11.08"]
[EventType "swiss"]
[EventRounds "11"]
[EventCountry "SLO"]
[SourceTitle "EXT 2013"]
[Source "ChessBase"]
[SourceDate "2012.11.22"]
[SourceVersion "1"]
[SourceVersionDate "2012.11.22"]
[SourceQuality "1"]

1. d4 d5 2. c4 e6 3. Nc3 Nf6 4. cxd5 exd5 5. Bg5 Be7 6. e3 h6 7. Bh4 0-0 8. Qc2 b6 9. Rd1 Bb7 10. Nf3 Nbd7 11. Bg3 c5 12. dxc5 bxc5 13. Bd3 Rc8 14. 0-0 Qb6 15. Bf5 d4 16. Na4 Qa5 17. Ne5 Rfd8 18. Nc4 Qa6 19. exd4 cxd4 20. Rxd4 Qc6 21. Ne3 Nc5 22. Bxc8 Rxd4 23. Bxb7 Qxa4 24. b3 Qb4 25. Nf5 Nxb7 26. Nxd4 Qxd4 27. Rd1 Qg4 28. h3 Qe6 29. Qc7 Qe4 30. Qb8+ Kh7 31. Qxa7 Bc5 32. Qa6 Qc2 33. Qd3+ Qxd3 34. Rxd3 Ne4 35. Kh2 Nxf2 36. Bxf2 Bxf2 37. Rf3 Bd4 38. Rxf7 Nc5 39. b4 Na4 40. Rd7 Bb2 41. Ra7 Nb6 42. a4 Bd4 43. Ra6 Nd5 44. b5 Ne3 45. g4 Nd5 46. Kg2 Nc3 47. Kf3 Kg8 48. Kf4 Kf7 49. b6 Bxb6 50. a5 Ne2+ 51. Ke4 Nc3+ 52. Kd3 Bxa5 53. Rxa5 Nd1 54. Ra2 Kg6 55. Kd2 1-0

[Event "Wch U18 Girls"]
[Site "Maribor"]
[Date "2012.11.09"]
[Round "2.25"]
[White "Stark, Saskia"]
[Black "Lepeskaite, Migle"]
[Result "1/2-1/2"]
[WhiteElo "1983"]
[BlackElo "1803"]
[PlyCount "53"]
[EventDate "2012.11.08"]
[EventType "swiss"]
[EventRounds "11"]
[EventCountry "SLO"]
[SourceTitle "EXT 2013"]
[Source "ChessBase"]
[SourceDate "2012.11.22"]
[SourceVersion "1"]
[SourceVersionDate "2012.11.22"]
[SourceQuality "1"]

1. e4 c6 2. d4 d5 3. exd5 cxd5 4. Bd3 Nc6 5. c3 Nf6 6. h3 Qc7 7. Nf3 e6 8. 0-0 Bd6 9. Re1 h6 10. Nbd2 0-0 11. Nf1 Bd7 12. Qe2 Nh7 13. Ne5 Bxe5 14. dxe5 f6 15. Bf4 fxe5 16. Bxe5 Nxe5 17. Qxe5 Qxe5 18. Rxe5 Ng5 19. Rd1 Rf6 20. Ng3 Raf8 21. Re2 g6 22. f3 Rc8 23. Nh1 Nf7 24. Nf2 a5 25. Rde1 b5 26. Bb1 a4 27. Nd3 1/2-1/2

[Event "Wch U18 Girls"]
[Site "Maribor"]
[Date "2012.11.08"]
[Round "1.19"]
[White "Lepeskaite, Migle"]
[Black "Enkhtuul, Altanulzii"]
[Result "0-1"]
[WhiteElo "1803"]
[BlackElo "2134"]
[PlyCount "64"]
[EventDate "2012.11.08"]
[EventType "swiss"]
[EventRounds "11"]
[EventCountry "SLO"]
[SourceTitle "EXT 2013"]
[Source "ChessBase"]
[SourceDate "2012.11.22"]
[SourceVersion "1"]
[SourceVersionDate "2012.11.22"]
[SourceQuality "1"]

1. d4 Nf6 2. c4 e6 3. g3 Bb4+ 4. Bd2 Qe7 5. Bg2 0-0 6. Nf3 Bxd2+ 7. Nbxd2 d6 8. Qc2 e5 9. 0-0 a5 10. Rac1 Nc6 11. e3 Re8 12. dxe5 dxe5 13. Qb3 a4 14. Qc2 e4 15. Nd4 Nb4 16. Qb1 c5 17. Ne2 a3 18. Nc3 axb2 19. Rcd1 Qe5 20. Ndxe4 Nxe4 21. Nxe4 Bf5 22. f3 Rxa2 23. Rd2 Bxe4 24. fxe4 Qc3 25. Re2 g6 26. Kh1 Rea8 27. Ref2 Nd3 28. Rc2 Ra1 29. Rxc3 Rxb1 30. Rb3 Rxf1+ 31. Bxf1 Ra1 32. Kg2 b1Q 0-1

[Event "Kaunas op"]
[Site "Kaunas"]
[Date "2012.10.27"]
[Round "2"]
[White "Lepeskaite, Migle"]
[Black "Miknevicius, Laurynas"]
[Result "0-1"]
[WhiteElo "1803"]
[BlackElo "1898"]
[PlyCount "82"]
[EventDate "2012.10.27"]
[EventType "swiss"]
[EventRounds "7"]
[EventCountry "LTU"]
[SourceTitle "EXT 2014"]
[Source "ChessBase"]
[SourceDate "2013.11.20"]
[SourceVersion "1"]
[SourceVersionDate "2013.11.20"]
[SourceQuality "1"]

1. d4 d5 2. c4 dxc4 3. Nf3 Nf6 4. e3 e6 5. Bxc4 c5 6. 0-0 a6 7. a3 b5 8. Bb3 Bb7 9. Nc3 Nbd7 10. Qe2 cxd4 11. exd4 Be7 12. Rd1 Nb6 13. Bg5 Nbd5 14. Rac1 0-0 15. Qd3 Rc8 16. Bc2 Nxc3 17. bxc3 Be4 18. Qe3 Bxc2 19. Rxc2 Nd5 20. Qd2 Bxg5 21. Nxg5 Qe7 22. Ra1 Nb6 23. Ne4 Rfd8 24. Qe2 Rc4 25. Nc5 Na4 26. Nxa6 Nxc3 27. Qe1 Rdc8 28. Nb4 Qg5 29. Qe5 Qg4 30. h3 Qxd4 31. Qxd4 Rxd4 32. Rac1 Rdc4 33. Kf1 Kf8 34. Ke1 Ke7 35. Kd2 Ne4+ 36. Ke3 Nd6 37. Kd3 Ra8 38. Nc6+ Kf6 39. Rc3 Rxa3 40. Rxa3 Rxc1 41. Rb3 Rxc6 0-1

[Event "Kaunas op"]
[Site "Kaunas"]
[Date "2012.10.27"]
[Round "1"]
[White "Tvarijonas, Tomas"]
[Black "Lepeskaite, Migle"]
[Result "1-0"]
[WhiteElo "2061"]
[BlackElo "1803"]
[PlyCount "91"]
[EventDate "2012.10.27"]
[EventType "swiss"]
[EventRounds "7"]
[EventCountry "LTU"]
[SourceTitle "EXT 2014"]
[Source "ChessBase"]
[SourceDate "2013.11.20"]
[SourceVersion "1"]
[SourceVersionDate "2013.11.20"]
[SourceQuality "1"]

1. e4 e5 2. Nf3 Nf6 3. Nxe5 d6 4. Nf3 Nxe4 5. Nc3 Nxc3 6. dxc3 Be7 7. Bf4 Nd7 8. Qd2 Nc5 9. 0-0-0 Be6 10. Kb1 Qd7 11. Nd4 0-0-0 12. Nxe6 Nxe6 13. Be3 Kb8 14. f4 d5 15. Qf2 Qa4 16. g3 a6 17. Bg2 Qb5 18. Rhe1 Ba3 19. Bc1 Bc5 20. Qf3 c6 21. f5 Nc7 22. Ka1 Ka8 23. Bf4 Rd7 24. f6 gxf6 25. Bh3 Ne6 26. Bxe6 fxe6 27. Rxe6 Rf8 28. Bh6 Rff7 29. Re8+ Ka7 30. Bf4 Bd6 31. Qf2+ b6 32. Rde1 Be5 33. Qd2 Rfe7 34. Rxe7 Rxe7 35. Be3 Bd6 36. b3 Re5 37. Kb2 c5 38. Qf2 Be7 39. Rd1 Qc6 40. Bf4 Re4 41. Qf3 Qe6 42. Qh5 d4 43. cxd4 cxd4 44. Qxh7 Qc6 45. Rd3 Qc5 46. Qxe4 1-0

[Event "Wroclaw op-B 7th"]
[Site "Wroclaw"]
[Date "2012.07.07"]
[Round "6"]
[White "Andrzejewska, Anna"]
[Black "Lepeskaite, Migle"]
[Result "1/2-1/2"]
[WhiteElo "1980"]
[BlackElo "1803"]
[PlyCount "73"]
[EventDate "2012.07.02"]
[EventType "swiss"]
[EventRounds "9"]
[EventCountry "POL"]
[SourceTitle "EXT 2013"]
[Source "ChessBase"]
[SourceDate "2012.11.22"]
[SourceVersion "1"]
[SourceVersionDate "2012.11.22"]
[SourceQuality "1"]

1. e4 e5 2. Nf3 Nf6 3. Nxe5 d6 4. Nf3 Nxe4 5. Nc3 Nxc3 6. dxc3 Be7 7. Bf4 0-0 8. Qd2 Nd7 9. 0-0-0 Nc5 10. h4 Bg4 11. Be3 Be6 12. Kb1 Re8 13. Ng5 h6 14. Nxe6 Nxe6 15. g3 c6 16. f4 Nc5 17. Qg2 d5 18. g4 Bd6 19. Bxc5 Bxc5 20. g5 Qd6 21. f5 Re3 22. f6 Qg3 23. Qd2 hxg5 24. hxg5 Qxg5 25. fxg7 Kxg7 26. Qh2 Rg3 27. Qh7+ Kf8 28. Bd3 Re8 29. Rdf1 Qg7 30. Qf5 Rg1 31. Rhxg1 Bxg1 32. Qd7 Bc5 33. Qxb7 Qf6 34. a3 Qe6 35. Qc7 Bb6 36. Qf4 Be3 37. Qf3 1/2-1/2

[Event "Wroclaw op-B 7th"]
[Site "Wroclaw"]
[Date "2012.07.03"]
[Round "2"]
[White "Miszczak, Mateusz"]
[Black "Lepeskaite, Migle"]
[Result "1/2-1/2"]
[WhiteElo "1974"]
[BlackElo "1803"]
[PlyCount "131"]
[EventDate "2012.07.02"]
[EventType "swiss"]
[EventRounds "9"]
[EventCountry "POL"]
[SourceTitle "EXT 2013"]
[Source "ChessBase"]
[SourceDate "2012.11.22"]
[SourceVersion "1"]
[SourceVersionDate "2012.11.22"]
[SourceQuality "1"]

1. d4 d5 2. c4 e6 3. Nf3 Nf6 4. Nc3 Be7 5. Bg5 h6 6. Bh4 0-0 7. e3 b6 8. cxd5 Nxd5 9. Bxe7 Qxe7 10. Nxd5 exd5 11. Qd2 Bb7 12. Bd3 Nd7 13. 0-0 c5 14. Rac1 Rfc8 15. Bf5 Rc7 16. Rfd1 g6 17. Bh3 Kh7 18. g3 Nf6 19. Bg2 Ne4 20. Qe1 Qe6 21. Nd2 Rac8 22. Nb3 Nd6 23. dxc5 bxc5 24. Rc2 Qf5 25. Rdc1 Nc4 26. e4 Qf6 27. exd5 Nxb2 28. Qd2 c4 29. Na5 c3 30. Qe3 Re7 31. Qf3 Qxf3 32. Bxf3 Nd3 33. Nxb7 Nxc1 34. d6 Ne2+ 35. Kf1 Rxb7 36. Bxb7 Nd4 37. Bxc8 Nxc2 38. Ke2 Nb4 39. d7 c2 40. Kd2 Nxa2 41. Kxc2 Nb4+ 42. Kb3 Nc6 43. Kc4 Kg7 44. Kb5 Nd8 45. Ka6 Kf6 46. Kxa7 Ke7 47. Kb6 Kd6 48. Kb5 Kc7 49. Kc5 Ne6+ 50. Kd5 Nf8 51. Ke5 Nxd7+ 52. Bxd7 Kxd7 53. Kf6 Ke8 54. Kg7 h5 55. Kf6 Kf8 56. f4 Kg8 57. f5 gxf5 58. Kxf5 h4 59. g4 Kg7 60. Kg5 h3 61. Kf5 f6 62. Ke4 Kh6 63. Kf4 Kg6 64. Kg3 Kg5 65. Kxh3 f5 66. gxf5 1/2-1/2

[Event "Baltija Cup"]
[Site "Palanga"]
[Date "2012.06.22"]
[Round "6"]
[White "Lepeskaite, Migle"]
[Black "Beliajeva, Olga"]
[Result "0-1"]
[WhiteElo "1797"]
[BlackElo "1944"]
[PlyCount "96"]
[EventDate "2012.06.19"]
[EventType "swiss"]
[EventRounds "8"]
[EventCountry "LTU"]
[SourceTitle "CBM 149 Extra"]
[Source "ChessBase"]
[SourceDate "2012.08.24"]
[SourceVersion "1"]
[SourceVersionDate "2012.08.24"]
[SourceQuality "1"]

1. d4 Nf6 2. c4 e6 3. g3 Bb4+ 4. Bd2 Qe7 5. Bg2 Nc6 6. Nf3 Bxd2+ 7. Nbxd2 d6 8. 0-0 0-0 9. Re1 e5 10. d5 Nb8 11. e4 a5 12. a3 a4 13. b4 axb3 14. Nxb3 Na6 15. Nfd2 Nd7 16. f4 exf4 17. gxf4 Ndc5 18. Nxc5 Nxc5 19. Nb3 Nxb3 20. Qxb3 Qf6 21. Qe3 Re8 22. e5 dxe5 23. fxe5 Qh4 24. Qc5 Bh3 25. Bxh3 Qxh3 26. Re3 Qg4+ 27. Rg3 Qf4 28. e6 fxe6 29. dxe6 b6 30. Qd5 Rad8 31. Rf1 Rxd5 32. Rxf4 Re5 33. Rf7 g6 34. Rxc7 R5xe6 35. Rb3 Re2 36. Rh3 Re1+ 37. Kf2 R1e2+ 38. Kf1 Re1+ 39. Kf2 R8e2+ 40. Kf3 Re3+ 41. Kg4 h5+ 42. Kh4 g5+ 43. Kxh5 Rxh3+ 44. Kg6 Kf8 45. Kf6 Rxh2 46. Kxg5 Rf2 47. Rc8+ Ke7 48. Rc7+ Kd6 0-1

[Event "Baltija Cup"]
[Site "Palanga"]
[Date "2012.06.20"]
[Round "3"]
[White "Kazakouski, Valery"]
[Black "Lepeskaite, Migle"]
[Result "0-1"]
[WhiteElo "1952"]
[BlackElo "1797"]
[PlyCount "78"]
[EventDate "2012.06.19"]
[EventType "swiss"]
[EventRounds "8"]
[EventCountry "LTU"]
[SourceTitle "CBM 149 Extra"]
[Source "ChessBase"]
[SourceDate "2012.08.24"]
[SourceVersion "1"]
[SourceVersionDate "2012.08.24"]
[SourceQuality "1"]

1. d4 d5 2. c4 e6 3. Nc3 Be7 4. Nf3 Nf6 5. Bg5 h6 6. Bh4 0-0 7. e3 b6 8. cxd5 Nxd5 9. Bxe7 Qxe7 10. Nxd5 exd5 11. Bd3 Bb7 12. 0-0 Nd7 13. Rc1 c5 14. Bb1 Rac8 15. Qd3 Nf6 16. Qa3 a5 17. Qb3 Ba6 18. Rfe1 Qb7 19. dxc5 bxc5 20. Qxb7 Bxb7 21. Bf5 Rc7 22. Rc3 g6 23. Bb1 Kg7 24. Rec1 Rfc8 25. Nd4 c4 26. b3 Ba6 27. f3 Re7 28. Kf2 Ree8 29. a3 Nd7 30. bxc4 dxc4 31. Be4 Nc5 32. Bc2 a4 33. Rb1 Nd3+ 34. Kg3 Rxe3 35. Bxa4 Rc5 36. h3 Rd5 37. Bb5 Bxb5 38. Nxb5 Rg5+ 39. Kh2 Re2 0-1

[Event "Baltija Cup"]
[Site "Palanga"]
[Date "2012.06.20"]
[Round "2"]
[White "Lepeskaite, Migle"]
[Black "Vaitonis, Vytautas"]
[Result "1/2-1/2"]
[WhiteElo "1797"]
[BlackElo "2014"]
[PlyCount "27"]
[EventDate "2012.06.19"]
[EventType "swiss"]
[EventRounds "8"]
[EventCountry "LTU"]
[SourceTitle "CBM 149 Extra"]
[Source "ChessBase"]
[SourceDate "2012.08.24"]
[SourceVersion "1"]
[SourceVersionDate "2012.08.24"]
[SourceQuality "1"]

1. d4 Nf6 2. c4 g6 3. Nc3 d5 4. cxd5 Nxd5 5. e4 Nxc3 6. bxc3 Bg7 7. Ba3 Nd7 8. Bc4 c5 9. Qb3 0-0 10. Rd1 Qb6 11. Ne2 Qxb3 12. Bxb3 cxd4 13. cxd4 Re8 14. Ba4 1/2-1/2

[Event "Panevezys op-A 24th"]
[Site "Panevezys"]
[Date "2011.08.15"]
[Round "9"]
[White "Lepeskaite, Migle"]
[Black "Cernavina, Ksenija"]
[Result "1/2-1/2"]
[WhiteElo "1788"]
[BlackElo "1788"]
[PlyCount "32"]
[EventDate "2011.08.09"]
[EventType "swiss"]
[EventRounds "9"]
[EventCountry "LTU"]
[SourceTitle "CBM 143 Extra"]
[Source "ChessBase"]
[SourceDate "2011.08.29"]
[SourceVersion "1"]
[SourceVersionDate "2011.08.29"]
[SourceQuality "1"]

1. e4 e5 2. Nf3 Nf6 3. Nxe5 d6 4. Nf3 Nxe4 5. d4 d5 6. Bd3 Bd6 7. 0-0 0-0 8. Re1 Re8 9. Nbd2 Nxd2 10. Bxd2 Bg4 11. h3 Bxf3 12. Qxf3 c6 13. Rxe8+ Qxe8 14. Re1 Qd8 15. Bf4 Bxf4 16. Qxf4 Nd7 1/2-1/2

[Event "Panevezys op-A 24th"]
[Site "Panevezys"]
[Date "2011.08.11"]
[Round "4"]
[White "Barsciauskas, Gintautas"]
[Black "Lepeskaite, Migle"]
[Result "1-0"]
[WhiteElo "1854"]
[BlackElo "1788"]
[PlyCount "49"]
[EventDate "2011.08.09"]
[EventType "swiss"]
[EventRounds "9"]
[EventCountry "LTU"]
[SourceTitle "CBM 143 Extra"]
[Source "ChessBase"]
[SourceDate "2011.08.29"]
[SourceVersion "1"]
[SourceVersionDate "2011.08.29"]
[SourceQuality "1"]

1. e4 c6 2. d4 d5 3. e5 c5 4. c3 Nc6 5. Ne2 e6 6. Nd2 f6 7. f4 Nge7 8. Nf3 Qc7 9. b3 b6 10. Be3 Nf5 11. Bf2 h5 12. Ng3 Nce7 13. Bd3 Nxg3 14. Bxg3 fxe5 15. Nxe5 c4 16. Bc2 b5 17. 0-0 Nf5 18. Bxf5 exf5 19. Re1 Kd8 20. Bh4+ Be7 21. Bxe7+ Kxe7 22. Ng6+ Kf6 23. Nxh8 g6 24. Qe2 a5 25. Qe8 1-0

[Event "Panevezys op-A 24th"]
[Site "Panevezys"]
[Date "2011.08.10"]
[Round "3"]
[White "Lepeskaite, Migle"]
[Black "Kuvsinov, Anatolij"]
[Result "0-1"]
[WhiteElo "1788"]
[BlackElo "2007"]
[PlyCount "156"]
[EventDate "2011.08.09"]
[EventType "swiss"]
[EventRounds "9"]
[EventCountry "LTU"]
[SourceTitle "CBM 143 Extra"]
[Source "ChessBase"]
[SourceDate "2011.08.29"]
[SourceVersion "1"]
[SourceVersionDate "2011.08.29"]
[SourceQuality "1"]

1. d4 d6 2. c4 g6 3. Nc3 Bg7 4. e4 Nc6 5. Nf3 Bg4 6. Be3 e5 7. d5 Nd4 8. Be2 Bxf3 9. Bxf3 Ne7 10. Bxd4 exd4 11. Ne2 c5 12. Nf4 0-0 13. 0-0 a6 14. Re1 Rb8 15. Rb1 b5 16. b3 Nc8 17. Nd3 Re8 18. Bg4 Nb6 19. Qc2 h5 20. Bh3 Rb7 21. Re2 Nd7 22. Bxd7 Rxd7 23. Rbe1 Rde7 24. a4 bxa4 25. b4 Qb6 26. Qxa4 f5 27. f3 cxb4 28. Qxb4 Qxb4 29. Nxb4 fxe4 30. fxe4 Ra8 31. Nc6 Ree8 32. Rd1 a5 33. Nxd4 Bxd4+ 34. Rxd4 a4 35. Ra2 a3 36. Kf2 Reb8 37. Rdd2 Rb4 38. Rdc2 Rb3 39. e5 dxe5 40. c5 Rd3 41. d6 Kf7 42. Ke2 Rd5 43. Ke3 Ke6 44. Rc3 Rc8 45. Raxa3 Rcxc5 46. Rxc5 Rxc5 47. Ra6 Rd5 48. d7+ Kf5 49. Ra7 g5 50. Rb7 g4 51. Ra7 h4 52. Rb7 h3 53. gxh3 gxh3 54. d8Q Rxd8 55. Rf7+ Ke6 56. Rh7 Ra8 57. Kf3 Ra3+ 58. Kg4 Kd5 59. Rxh3 Ra4+ 60. Kf5 Rf4+ 61. Kg5 Rf2 62. Ra3 e4 63. h4 Rf3 64. Ra2 e3 65. Re2 Ke5 66. Kg4 Ke4 67. Ra2 Rf2 68. Ra4+ Kd3 69. Ra3+ Kd2 70. h5 e2 71. Ra2+ Kd3 72. Rxe2 Rxe2 73. Kg5 Ke4 74. Kg6 Rg2+ 75. Kf7 Kf5 76. h6 Ra2 77. h7 Ra7+ 78. Kg8 Kg6 0-1

[Event "Baltija Cup op-A"]
[Site "Palanga"]
[Date "2011.06.23"]
[Round "8"]
[White "Tvarijonas, Tomas"]
[Black "Lepeskaite, Migle"]
[Result "1-0"]
[WhiteElo "1915"]
[BlackElo "1783"]
[PlyCount "63"]
[EventDate "2011.06.19"]
[EventType "swiss"]
[EventRounds "8"]
[EventCountry "LTU"]
[SourceTitle "EXT 2012"]
[Source "ChessBase"]
[SourceDate "2011.11.24"]
[SourceVersion "1"]
[SourceVersionDate "2011.11.24"]
[SourceQuality "1"]

1. e4 c6 2. d4 d5 3. Nc3 dxe4 4. Nxe4 Nd7 5. Bc4 Ngf6 6. Nxf6+ Nxf6 7. Nf3 Bg4 8. Bxf7+ Kxf7 9. Ne5+ Kg8 10. Nxg4 Qd5 11. 0-0 Nxg4 12. Qxg4 g6 13. c3 Bg7 14. Re1 Kf7 15. Bf4 Qf5 16. Qg3 Rhe8 17. Re2 e6 18. Rae1 c5 19. dxc5 Qxc5 20. Be5 Qb6 21. h4 Bxe5 22. Qxe5 Qd8 23. Re4 Kg8 24. h5 gxh5 25. Qxh5 Qf6 26. Qg4+ Qg6 27. Qxg6+ hxg6 28. Rxe6 Rxe6 29. Rxe6 Kf7 30. Rd6 b6 31. f3 g5 32. Kf2 1-0

[Event "Baltija Cup op-A"]
[Site "Palanga"]
[Date "2011.06.20"]
[Round "3"]
[White "Lepeskaite, Migle"]
[Black "Klabis, Rokas"]
[Result "0-1"]
[WhiteElo "1783"]
[BlackElo "2017"]
[PlyCount "84"]
[EventDate "2011.06.19"]
[EventType "swiss"]
[EventRounds "8"]
[EventCountry "LTU"]
[SourceTitle "EXT 2012"]
[Source "ChessBase"]
[SourceDate "2011.11.24"]
[SourceVersion "1"]
[SourceVersionDate "2011.11.24"]
[SourceQuality "1"]

1. d4 Nf6 2. c4 e5 3. dxe5 Ng4 4. Bf4 g5 5. Bg3 Nc6 6. Nf3 Bg7 7. Nc3 Ngxe5 8. Nxe5 Nxe5 9. e3 d6 10. h4 g4 11. Qb3 0-0 12. Rd1 b6 13. Be2 Kh8 14. Qc2 Be6 15. Nb5 Qc8 16. Nd4 Bd7 17. f4 Nc6 18. Nb5 Re8 19. Kf2 f5 20. h5 h6 21. a3 Ne7 22. Bd3 Ng8 23. Bh4 Rf8 24. Nd4 a6 25. Rde1 c6 26. b3 Rf7 27. Ne2 Be6 28. e4 fxe4 29. Bxe4 Bf5 30. Rd1 Qf8 31. g3 Re8 32. Bxf5 Rxf5 33. Nd4 Rfe5 34. Kf1 c5 35. Nc6 R5e6 36. Rh2 Nf6 37. f5 Re3 38. Rdd2 Ne4 39. Ne7 Rxe7 40. Bxe7 Nxd2+ 41. Rxd2 Qxe7 42. Kg2 Qe5 0-1